Less Than 100k Countries Quiz Stats

 Plays Quiz Updated Jul 23, 2017

Support Sporcle.
Go Orange.
Score 0/13 Timer 04:00
5 Plays Today
Continent Country % Correct
EuropeVatican City
97.6%
EuropeMonaco
86.8%
EuropeSan Marino
85.6%
EuropeAndorra
85.1%
EuropeLiechtenstein
82.4%
OceaniaNauru
72.8%
OceaniaTuvalu
71.8%
OceaniaPalau
71.4%
North AmericaSt. Kitts and Nevis
70.5%
OceaniaMarshall Islands
68.1%
North AmericaDominica
61.2%
AfricaSeychelles
61.1%
North AmericaAntigua and Barbuda
59.9%

You're not logged in!

Compare scores with friends on all Sporcle quizzes.
OR
Log In
Forgot?

From the Vault

Remove Ads.
Support Sporcle.
Get the best of Sporcle when you Go Orange. This ad-free experience offers more features, more stats, and more fun while also helping to support Sporcle. Thank you for becoming a member.

Show Comments

Extras

Top Quizzes Today


Score Distribution

Your Account Isn't Verified!

In order to create a playlist on Sporcle, you need to verify the email address you used during registration. Go to your Sporcle Settings to finish the process.

Report this User

Report this user for behavior that violates our Community Guidelines.

Details: